书目信息 |
| 题名: |
机器学习项目开发实战
|
|
| 作者: | 布兰德温 著 ;姚军 译 | |
| 分册: | ||
| 出版信息: | 北京 人民邮电出版社 2016.8 |
|
| 页数: | 264页 | |
| 开本: | 24cm | |
| 丛书名: | ||
| 单 册: | ||
| 中图分类: | TP181 | |
| 科图分类: | ||
| 主题词: | 机器学习 | |
| 电子资源: | ||
| ISBN: | 978-7-115-42951-3 | |
| 000 | 01070nam0 2200265 450 | |
| 001 | 0400003709 | |
| 005 | 20171022124554.0 | |
| 010 | @a978-7-115-42951-3@dCNY59.00 | |
| 100 | @a20160908e20172016em y0chiy50 ea | |
| 101 | 1 | @achi@ceng |
| 102 | @aCN@b110000 | |
| 105 | @ay z 000yy | |
| 106 | @ar | |
| 200 | 1 | @a机器学习项目开发实战@9ji qi xue xi xiang mu kai fa shi zhan@dMachine learning projects for .NET developers@f(美)Mathias Brandewinder著@g姚军译@zeng |
| 210 | @a北京@c人民邮电出版社@d2016.8@h2017.6 | |
| 215 | @a264页@d24cm | |
| 305 | @a由Apress Media授权出版 | |
| 330 | @a本书通过一系列有趣的实例,由浅入深地介绍了机器学习这一炙手可热的新领域,并且详细介绍了适合机器学习开发的Microsoft F#语言和函数式编程,引领读者深入了解机器学习的基本概念、核心思想和常用算法。 | |
| 510 | 1 | @aMachine learning projects for .NET developers@zeng |
| 606 | 0 | @a机器学习 |
| 690 | @aTP181@v5 | |
| 701 | 0 | @c(美)@a布兰德温@9bu lan de wen@c(Brandewinder,Mathias)@4著 |
| 702 | 0 | @a姚军@9yao jun@4译 |
| 801 | 0 | @aCN@b91MARC@c20171022 |
| 905 | @b1022995-9@dTP181@f5@e122 | |
| 机器学习项目开发实战=Machine learning projects for .NET developers/(美)Mathias Brandewinder著/姚军译.-北京:人民邮电出版社,2016.8(2017.6) |
| 264页;24cm |
| ISBN 978-7-115-42951-3:CNY59.00 |
| 本书通过一系列有趣的实例,由浅入深地介绍了机器学习这一炙手可热的新领域,并且详细介绍了适合机器学习开发的Microsoft F#语言和函数式编程,引领读者深入了解机器学习的基本概念、核心思想和常用算法。 |
| ● |
| 相关链接 |
|
|
|
|
正题名:机器学习项目开发实战
索取号:TP181/122
 
预约/预借
| 序号 | 登录号 | 条形码 | 馆藏地/架位号 | 状态 | 备注 |
| 1 | 1022995 | 210229956 | 第二样本阅览室/ [索取号:TP181/122] | 在馆 | |
| 2 | 1022996 | 210229965 | 第三借阅区/ [索取号:TP181/122] | 在馆 | |
| 3 | 1022997 | 210229974 | 第三借阅区/ [索取号:TP181/122] | 在馆 | |
| 4 | 1022998 | 210229983 | 密集书库—计算机科学学院/ [索取号:TP181/122] | 在馆 | |
| 5 | 1022999 | 210229992 | 第三借阅区/ [索取号:TP181/122] | 在馆 |